| 000 | 00704cam a22002411 4500 | ||
|---|---|---|---|
| 001 | med47001731 | ||
| 003 | DLC | ||
| 005 | 20260227111603.0 | ||
| 008 | 780609s1947 nyu 000 0 eng | ||
| 010 | _amed47001731 | ||
| 035 | _a(OCoLC)3962311 | ||
| 040 |
_aDLC _cInMuB _dInMuB _dDLC |
||
| 043 |
_an-us--- _ae-ur--- |
||
| 050 | 0 | 0 |
_aRA445 _b.F7 |
| 082 | _a614.0973 | ||
| 100 | 1 | _aFriedman, Robert. | |
| 245 | 1 | 0 |
_aHow's your health? _bThe fight for a national health program. |
| 260 |
_a[New York, _bNew Century Publishers, _c1947] |
||
| 300 |
_a32 p. _c19 cm. |
||
| 500 | _aCover title. | ||
| 650 | 0 |
_aNational health services _zUnited States. |
|
| 650 | 0 |
_aNational health services _zSoviet Union. |
|
| 999 |
_c38385 _d38385 |
||